[Event "Titled Tuesday intern op 12th Mar Early"]
[Site "Chess.com INT"]
[Date "2024.03.12"]
[Round "2"]
[White "Nigmatov, Ortik"]
[Black "Bluebaum, Matthias"]
[Result "0-1"]
[WhiteElo "2440"]
[BlackElo "2655"]
[PlyCount "86"]
[EventDate "2024.03.12"]
[EventType "swiss (blitz)"]
[EventRounds "11"]
[EventCountry "USA"]
[SourceTitle "CB12_2024"]
[SourceDate "2023.10.01"]
[SourceVersion "1"]
[SourceVersionDate "2023.10.01"]
[SourceQuality "1"]

1. e4 e6 2. d4 d5 3. Nc3 Nf6 4. e5 Nfd7 5. Nce2 c5 6. c3 Nc6 7. Nf3 Be7 8. a3 0-0 9. Nf4 Qa5 10. Bd3 Nxd4 11. Nxd4 cxd4 12. b4 Qc7 13. cxd4 Qc3+ 14. Bd2 Qxd4 15. 0-0 Qxe5 16. Re1 Qd6 17. Rc1 e5 18. Nh5 Nf6 19. b5 e4 20. Bb4 Qe5 21. Nxf6+ Qxf6 22. Bxe7 Qxe7 23. f3 f5 24. Bb1 Be6 25. Qd4 Qf6 26. Qxf6 Rxf6 27. Rc7 Rf7 28. Rec1 Rd8 29. Kf2 Rxc7 30. Rxc7 Rd7 31. Rc8+ Kf7 32. a4 Kf6 33. g3 Ke5 34. Re8 Kd6 35. Ke3 Rc7 36. Rd8+ Ke7 37. Rb8 b6 38. Kd4 Kf6 39. Rf8+ Bf7 40. Ba2 exf3 41. Bxd5 Rd7 42. Rxf7+ Rxf7 43. Bxf3 Rd7+ 0-1

[Event "Titled Tuesday intern op 12th Mar Early"]
[Site "Chess.com INT"]
[Date "2024.03.12"]
[Round "1"]
[White "Nigmatov, Ortik"]
[Black "Gao, Raymond"]
[Result "1-0"]
[WhiteElo "2440"]
[BlackElo "2001"]
[PlyCount "60"]
[EventDate "2024.03.12"]
[EventType "swiss (blitz)"]
[EventRounds "11"]
[EventCountry "USA"]
[SourceTitle "CB12_2024"]
[SourceDate "2023.10.01"]
[SourceVersion "1"]
[SourceVersionDate "2023.10.01"]
[SourceQuality "1"]

1. e4 c5 2. Nf3 Nc6 3. d4 cxd4 4. Nxd4 g6 5. c4 Bg7 6. Be3 Qb6 7. Nb3 Qd8 8. Nc3 Bxc3+ 9. bxc3 Nf6 10. f3 0-0 11. Be2 d6 12. 0-0 Be6 13. Nd4 a6 14. c5 d5 15. Nxe6 fxe6 16. Qb3 Qc7 17. Rab1 Rab8 18. Rfd1 Na5 19. Qb6 Qxb6 20. Rxb6 Nc6 21. Bxa6 bxa6 22. Rxc6 Rb2 23. Rxe6 dxe4 24. Rxe7 exf3 25. gxf3 Rxa2 26. c6 Rc2 27. c7 Rxc3 28. Rd8 a5 29. Bh6 Nd7 30. Rexd7 Rcxf3 1-0

[Event "Moscow Aeroflot op-A"]
[Site "Moscow"]
[Date "2024.03.06"]
[Round "8"]
[White "Pogosyan, Stefan"]
[Black "Nigmatov, Ortik"]
[Result "1/2-1/2"]
[WhiteElo "2360"]
[BlackElo "2440"]
[PlyCount "57"]
[EventDate "2024.03.03"]
[EventType "swiss"]
[EventRounds "9"]
[EventCountry "RUS"]
[SourceTitle "CB11_2024"]
[SourceDate "2024.03.13"]
[SourceVersion "1"]
[SourceVersionDate "2024.03.13"]
[SourceQuality "1"]

1. f4 d5 2. Nf3 g6 3. g3 Bg7 4. Bg2 Nf6 5. 0-0 0-0 6. d3 c5 7. Qe1 d4 8. c3 Nc6 9. Na3 Be6 10. Bd2 Rc8 11. c4 Bg4 12. h3 Bxf3 13. Bxf3 Qd7 14. Bg2 e5 15. fxe5 Nxe5 16. Nc2 Rce8 17. Qf2 b6 18. b3 Kh8 19. Rab1 Ng8 20. b4 Qa4 21. Rfc1 f5 22. bxc5 bxc5 23. Rb5 Rb8 24. Rxc5 Rb2 25. Ra5 Qd7 26. Bb4 Re8 27. Rd5 Qa4 28. Ra5 Qd7 29. Rd5 1/2-1/2

[Event "Moscow Aeroflot op-A"]
[Site "Moscow"]
[Date "2024.03.04"]
[Round "3"]
[White "Nigmatov, Ortik"]
[Black "Daneshvar, Bardiya"]
[Result "1/2-1/2"]
[WhiteElo "2440"]
[BlackElo "2597"]
[PlyCount "162"]
[EventDate "2024.03.03"]
[EventType "swiss"]
[EventRounds "9"]
[EventCountry "RUS"]
[SourceTitle "CB11_2024"]
[SourceDate "2024.03.13"]
[SourceVersion "1"]
[SourceVersionDate "2024.03.13"]
[SourceQuality "1"]

1. e4 e5 2. Nf3 Nc6 3. Bc4 Bc5 4. 0-0 Nf6 5. d3 0-0 6. Nc3 a6 7. Be3 Bxe3 8. fxe3 d6 9. d4 Qe7 10. Qe1 Bd7 11. h3 Rae8 12. Bd3 g6 13. a3 Kg7 14. Rd1 Na7 15. Rd2 c6 16. a4 Ng8 17. Qg3 f6 18. Kh2 a5 19. Nh4 Kh8 20. Bc4 Be6 21. d5 Bf7 22. Be2 Nc8 23. Rfd1 Rd8 24. Qf2 Nb6 25. g4 Nh6 26. b3 cxd5 27. Nxd5 Bxd5 28. exd5 f5 29. gxf5 Nxf5 30. Nxf5 Rxf5 31. Qe1 Na8 32. Bg4 Rf6 33. Rg2 b6 34. Qc3 Nc7 35. Qc6 Rb8 36. Be2 Ne8 37. Rf1 Rxf1 38. Bxf1 Ng7 39. Qc3 Rf8 40. Bd3 Nh5 41. Qc6 Qd8 42. Be2 Nf6 43. Qc4 Rf7 44. Bg4 Qc7 45. Qd3 Rf8 46. Be6 Nh5 47. Bg4 Ng7 48. Kg1 Qd8 49. Rf2 Rxf2 50. Kxf2 h5 51. Be6 Qf6+ 52. Kg2 Nxe6 53. dxe6 Qxe6 54. e4 Kg7 55. Qa6 Qe7 56. Qxb6 Qg5+ 57. Kf3 Qf4+ 58. Ke2 Qxe4+ 59. Kd2 Qd5+ 60. Kc1 Qc5 61. Qb7+ Kh6 62. Qe4 Kg5 63. h4+ Kf6 64. Qf3+ Kg7 65. Qb7+ Kf6 66. Qf3+ Ke7 67. Qg3 Kf7 68. Qf3+ Ke7 69. Qg3 Qd4 70. Qxg6 Qxh4 71. Qg7+ Kd8 72. Qf8+ Kc7 73. Qf7+ Kb6 74. Qe8 Qg5+ 75. Kb1 Kc7 76. Qf7+ Kb6 77. Qe8 Qg1+ 78. Ka2 Qc5 79. Kb1 Qg1+ 80. Ka2 Qc5 81. Kb1 Qg1+ 1/2-1/2

[Event "Wch Blitz"]
[Site "Samarkand"]
[Date "2023.12.29"]
[Round "5"]
[White "Caruana, Fabiano"]
[Black "Nigmatov, Ortik"]
[Result "1-0"]
[WhiteElo "2794"]
[BlackElo "2439"]
[PlyCount "55"]
[EventDate "2023.12.29"]
[EventType "swiss (blitz)"]
[EventRounds "21"]
[EventCountry "UZB"]
[SourceTitle "CB01_2024"]
[SourceDate "2024.01.03"]
[SourceVersion "1"]
[SourceVersionDate "2024.01.03"]
[SourceQuality "1"]

1. d4 Nf6 2. c4 e6 3. Nc3 Bb4 4. e3 0-0 5. Bd3 Re8 6. a3 Bxc3+ 7. bxc3 e5 8. Ne2 d6 9. Ng3 Nc6 10. 0-0 e4 11. Bc2 Na5 12. f3 Nxc4 13. fxe4 Bg4 14. Qd3 b5 15. a4 a6 16. h3 Be6 17. e5 dxe5 18. Nh5 e4 19. Nxf6+ Qxf6 20. Qxe4 Qh6 21. axb5 Bd7 22. Qf3 Bxb5 23. Qxf7+ Kh8 24. e4 Qe6 25. Qxe6 Rxe6 26. e5 Bc6 27. Rxa6 Rae8 28. Bf5 1-0

[Event "Wch Blitz"]
[Site "Samarkand"]
[Date "2023.12.29"]
[Round "4"]
[White "Nigmatov, Ortik"]
[Black "Gareyev, Timur"]
[Result "1/2-1/2"]
[WhiteElo "2439"]
[BlackElo "2570"]
[PlyCount "65"]
[EventDate "2023.12.29"]
[EventType "swiss (blitz)"]
[EventRounds "21"]
[EventCountry "UZB"]
[SourceTitle "CB01_2024"]
[SourceDate "2024.01.03"]
[SourceVersion "1"]
[SourceVersionDate "2024.01.03"]
[SourceQuality "1"]

1. e4 c6 2. d4 d5 3. e5 Bf5 4. Nf3 e6 5. Be2 Ne7 6. 0-0 Bg6 7. a4 a5 8. Na3 Nf5 9. b3 Na6 10. c3 Be7 11. Re1 0-0 12. Bd3 Nc7 13. Nc2 c5 14. dxc5 Bxc5 15. Bf4 Na6 16. Qd2 Qb6 17. Rab1 Rfc8 18. Bb5 Be7 19. Rbc1 Nc5 20. Ncd4 Ne4 21. Qb2 Nxd4 22. cxd4 Bh5 23. Rxc8+ Rxc8 24. Rc1 Rc7 25. h3 Bb4 26. g4 Bg6 27. Be3 h6 28. Bd3 Bc3 29. Qc2 Rc6 30. Bb5 Bd2 31. Bxc6 Bxc1 32. Qxc1 bxc6 33. Qa3 1/2-1/2

[Event "Wch Blitz"]
[Site "Samarkand"]
[Date "2023.12.29"]
[Round "9"]
[White "Ruck, Robert"]
[Black "Nigmatov, Ortik"]
[Result "1-0"]
[WhiteElo "2531"]
[BlackElo "2439"]
[PlyCount "44"]
[EventDate "2023.12.29"]
[EventType "swiss (blitz)"]
[EventRounds "21"]
[EventCountry "UZB"]
[SourceTitle "CB01_2024"]
[SourceDate "2024.01.03"]
[SourceVersion "1"]
[SourceVersionDate "2024.01.03"]
[SourceQuality "1"]

1. Nf3 Nf6 2. c4 g6 3. d4 Bg7 4. g3 0-0 5. Bg2 d6 6. 0-0 Nc6 7. Nc3 e5 8. dxe5 dxe5 9. Bg5 Be6 10. Nd2 h6 11. Bxf6 Bxf6 12. Nde4 Bg7 13. Nc5 Bxc4 14. Nxb7 Qf6 15. Qa4 Be6 16. Qxc6 Rab8 17. b3 Qf5 18. Nc5 Bc8 19. Nd5 Kh7 20. Qxc7 Be6 21. Ne3 Qe4 22. Nxe4 Rfd8 1-0

[Event "Wch Rapid"]
[Site "Samarkand"]
[Date "2023.12.27"]
[Round "8"]
[White "Korobov, Anton"]
[Black "Nigmatov, Ortik"]
[Result "1-0"]
[WhiteElo "2672"]
[BlackElo "2439"]
[PlyCount "67"]
[EventDate "2023.12.26"]
[EventType "swiss (rapid)"]
[EventRounds "13"]
[EventCountry "UZB"]
[SourceTitle "CB01_2024"]
[SourceDate "2024.01.03"]
[SourceVersion "1"]
[SourceVersionDate "2024.01.03"]
[SourceQuality "1"]

1. c4 e5 2. d3 Nc6 3. Nf3 f5 4. g3 Nf6 5. Bg2 g6 6. 0-0 Bg7 7. Nc3 0-0 8. Bg5 h6 9. Bxf6 Qxf6 10. Rb1 a5 11. a3 d6 12. Nd2 Ne7 13. c5 c6 14. cxd6 Qxd6 15. b4 axb4 16. axb4 Be6 17. Na4 e4 18. Nc5 Ba2 19. Nxb7 Qc7 20. Nc5 Bxb1 21. Qxb1 Rfb8 22. dxe4 Qd6 23. Nd3 Kh7 24. e5 Qe6 25. Nb3 Ra3 26. Nbc5 Qa2 27. Qc1 Ra7 28. e4 Rd8 29. Re1 Ra3 30. exf5 Nxf5 31. Be4 Nd4 32. Kg2 Rf8 33. Nf4 Kg8 34. Bb1 1-0

[Event "Wch Rapid"]
[Site "Samarkand"]
[Date "2023.12.27"]
[Round "9"]
[White "Nigmatov, Ortik"]
[Black "Martirosyan, Haik M"]
[Result "0-1"]
[WhiteElo "2439"]
[BlackElo "2678"]
[PlyCount "96"]
[EventDate "2023.12.26"]
[EventType "swiss (rapid)"]
[EventRounds "13"]
[EventCountry "UZB"]
[SourceTitle "CB01_2024"]
[SourceDate "2024.01.03"]
[SourceVersion "1"]
[SourceVersionDate "2024.01.03"]
[SourceQuality "1"]

1. e4 c5 2. Nf3 Nc6 3. d4 cxd4 4. Nxd4 e6 5. Bf4 d6 6. Nxc6 bxc6 7. c4 e5 8. Be3 Nf6 9. Nc3 Ng4 10. Bc1 Qb6 11. Qc2 Be7 12. h3 Nf6 13. Be3 Qc7 14. Be2 0-0 15. Rd1 Be6 16. Rd2 Rab8 17. 0-0 Nd7 18. b3 Nc5 19. Bg4 Bxg4 20. hxg4 Ne6 21. Rfd1 Rfd8 22. Qc1 h6 23. Rd3 Rd7 24. g3 Rbd8 25. Kg2 Bg5 26. f4 exf4 27. gxf4 Bf6 28. Ne2 Qb7 29. Ng3 d5 30. e5 c5 31. Kh3 d4 32. Bd2 Be7 33. Rf1 Re8 34. Qe1 Bf8 35. Ne4 Qc6 36. Kg3 Nd8 37. g5 hxg5 38. Nxg5 f6 39. Ne4 Nf7 40. Rh1 Nxe5 41. fxe5 Rxe5 42. Rh4 f5 43. Rf3 Rxe4 44. Qh1 Rxh4 45. Qxh4 Qe4 46. Qh5 g6 47. Qg5 Rh7 48. Bf4 Be7 0-1

[Event "Wch Rapid"]
[Site "Samarkand"]
[Date "2023.12.26"]
[Round "5"]
[White "Nigmatov, Ortik"]
[Black "Hong, Andrew Z"]
[Result "1-0"]
[WhiteElo "2439"]
[BlackElo "2539"]
[PlyCount "113"]
[EventDate "2023.12.26"]
[EventType "swiss (rapid)"]
[EventRounds "13"]
[EventCountry "UZB"]
[SourceTitle "CB01_2024"]
[SourceDate "2024.01.03"]
[SourceVersion "1"]
[SourceVersionDate "2024.01.03"]
[SourceQuality "1"]

1. e4 e5 2. Nf3 Nc6 3. Bb5 a6 4. Ba4 Nf6 5. 0-0 Be7 6. Bxc6 dxc6 7. Qe1 Be6 8. b3 Qd6 9. Ba3 c5 10. d4 Nd7 11. dxc5 Nxc5 12. Nc3 f6 13. Rd1 Nd3 14. cxd3 Qxa3 15. d4 Bb4 16. dxe5 Qa5 17. Rd3 fxe5 18. Ng5 Bg8 19. Qe3 Qc5 20. Qh3 Qe7 21. Nd5 Bxd5 22. Rxd5 Qxg5 23. f4 Qg6 24. Qd7+ Kf8 25. fxe5+ Kg8 26. Qd8+ Qe8 27. Qxc7 Qe7 28. Qc4 h6 29. Rd7+ Kh7 30. Rxe7 Bxe7 31. h3 Rac8 32. Qe6 Rhe8 33. Qf5+ Kh8 34. Rf3 Bc5+ 35. Kh2 Rc6 36. Qf7 Rxe5 37. Qxb7 Rce6 38. Rf5 Rxf5 39. exf5 Bd6+ 40. Kg1 Re7 41. Qc8+ Kh7 42. Qxa6 Bc5+ 43. Kf1 Re4 44. Qg6+ Kh8 45. g3 Re3 46. Qc6 Bd4 47. Qc4 Be5 48. g4 Rxh3 49. a4 Rc3 50. Qd5 Bf4 51. a5 Rc2 52. a6 Ra2 53. f6 gxf6 54. Qd8+ Kg7 55. Qe7+ Kg8 56. a7 Be3 57. Qxe3 1-0

[Event "Wch Rapid"]
[Site "Samarkand"]
[Date "2023.12.26"]
[Round "1"]
[White "Nigmatov, Ortik"]
[Black "Rakhmanov, Alexander"]
[Result "1-0"]
[WhiteElo "2439"]
[BlackElo "2614"]
[PlyCount "60"]
[EventDate "2023.12.26"]
[EventType "swiss (rapid)"]
[EventRounds "13"]
[EventCountry "UZB"]
[SourceTitle "CB01_2024"]
[SourceDate "2024.01.03"]
[SourceVersion "1"]
[SourceVersionDate "2024.01.03"]
[SourceQuality "1"]

1. e4 d5 2. exd5 c6 3. dxc6 Nxc6 4. Nf3 e5 5. d3 h6 6. Be2 Be6 7. 0-0 g5 8. h3 Bg7 9. Nbd2 f5 10. Nb3 Nge7 11. Nc5 Bc8 12. c3 b6 13. Nb3 Be6 14. d4 e4 15. Nh2 0-0 16. f3 exf3 17. Bxf3 a5 18. Re1 Bf7 19. a4 Qd7 20. Be3 Rae8 21. Bf2 Nd5 22. Nd2 Nf4 23. Qc2 Rc8 24. Qb1 Rfe8 25. Ndf1 Ne7 26. Ne3 h5 27. Bg3 Nxh3+ 28. gxh3 f4 29. Bf2 fxe3 30. Rxe3 Nd5 1-0

[Event "Tashkent Zakovat Gambit"]
[Site "Tashkent"]
[Date "2023.11.19"]
[Round "13"]
[White "Nigmatov, Ortik"]
[Black "Yakubboev, Nodirbek"]
[Result "0-1"]
[WhiteElo "2439"]
[BlackElo "2617"]
[PlyCount "92"]
[EventDate "2023.11.18"]
[EventType "tourn (blitz)"]
[EventRounds "14"]
[EventCountry "UZB"]
[EventCategory "13"]
[SourceTitle "CB48_2023"]
[SourceDate "2023.11.29"]
[SourceVersion "1"]
[SourceVersionDate "2023.11.29"]
[SourceQuality "1"]

1. e4 c6 2. d4 d5 3. e5 Bf5 4. Nf3 e6 5. Be2 h6 6. 0-0 Nd7 7. a4 Ne7 8. a5 Qc7 9. b4 Ng6 10. Ne1 Ngxe5 11. dxe5 Bxb4 12. f4 Bxa5 13. Bd3 Bxd3 14. Nxd3 b5 15. f5 Bb6+ 16. Kh1 0-0-0 17. fxe6 fxe6 18. Qe2 g5 19. Ra2 c5 20. Nc3 Qc6 21. Bd2 a5 22. Nxb5 Qxb5 23. Rb2 Qc4 24. Rfb1 Kc7 25. Qh5 Kc6 26. Qf7 Rhe8 27. h3 Qa6 28. Be3 d4 29. Bg1 Qc4 30. Qg6 Qd5 31. Qxh6 g4 32. Nf4 Qxe5 33. Bh2 gxh3 34. Qxh3 Qe4 35. c3 Rh8 36. Qxe6+ Qxe6 37. Nxe6 Rde8 38. Ng5 Bc7 39. Nf3 dxc3 40. Rc2 Re3 41. Rbc1 Nb6 42. Rxc3 Rxc3 43. Rxc3 a4 44. Kg1 Bxh2+ 45. Nxh2 Nd5 46. Rd3 c4 0-1

[Event "Tashkent Zakovat Gambit"]
[Site "Tashkent"]
[Date "2023.11.18"]
[Round "5"]
[White "Nigmatov, Ortik"]
[Black "Kramnik, Vladimir"]
[Result "0-1"]
[WhiteElo "2439"]
[BlackElo "2753"]
[PlyCount "74"]
[EventDate "2023.11.18"]
[EventType "tourn (blitz)"]
[EventRounds "14"]
[EventCountry "UZB"]
[EventCategory "13"]
[SourceTitle "CB48_2023"]
[SourceDate "2023.11.29"]
[SourceVersion "1"]
[SourceVersionDate "2023.11.29"]
[SourceQuality "1"]

1. e4 c5 2. Nf3 e6 3. d4 cxd4 4. Nxd4 Nf6 5. Nc3 Nc6 6. Ndb5 d6 7. Bf4 e5 8. Bg5 a6 9. Na3 b5 10. Nd5 Be7 11. Bxf6 Bxf6 12. c3 Rb8 13. Nc2 Bg5 14. a4 bxa4 15. Ncb4 Nxb4 16. cxb4 0-0 17. h4 Bh6 18. Be2 Bd7 19. g3 a5 20. b5 Bxb5 21. Bxb5 Rxb5 22. Qxa4 Rxb2 23. 0-0 Bd2 24. Qa3 Rb7 25. Rfd1 Bb4 26. Qf3 Bc5 27. Ra2 h6 28. Rdd2 Ra7 29. Qg4 Kh8 30. Rd3 a4 31. Rf3 f6 32. Kg2 a3 33. Rb3 Qd7 34. Qh5 f5 35. Qe2 fxe4 36. Qxe4 Ra4 37. Qd3 Rd4 0-1

[Event "Titled Tuesday intern op 14th Nov Early"]
[Site "Chess.com INT"]
[Date "2023.11.14"]
[Round "3"]
[White "Demchenko, Anton"]
[Black "Nigmatov, Ortik"]
[Result "1-0"]
[WhiteElo "2608"]
[BlackElo "2439"]
[PlyCount "87"]
[EventDate "2023.11.14"]
[EventType "swiss (blitz)"]
[EventRounds "11"]
[EventCountry "USA"]
[SourceTitle "CB47_2023"]
[SourceDate "2023.11.22"]
[SourceVersion "1"]
[SourceVersionDate "2023.11.22"]
[SourceQuality "1"]

1. e4 c5 2. Nf3 e6 3. d4 cxd4 4. Nxd4 Nf6 5. Bd3 Nc6 6. Nxc6 dxc6 7. Nd2 e5 8. Qe2 Be7 9. 0-0 0-0 10. Nc4 Qc7 11. a4 Be6 12. b3 Rad8 13. Bb2 Nd7 14. f3 f6 15. Ne3 Bc5 16. Kh1 Bd4 17. Bxd4 exd4 18. Bc4 Bxc4 19. Qxc4+ Kh8 20. Qxd4 Ne5 21. Qc3 Rd7 22. Rad1 Rfd8 23. h3 Ng6 24. Rxd7 Rxd7 25. Qe1 Qf4 26. Qf2 h5 27. a5 a6 28. g3 Qe5 29. Nc4 Qc3 30. Qe2 h4 31. gxh4 Nf4 32. Qf2 Rd4 33. Qg3 Rxe4 34. Qg4 Rd4 35. Rg1 g6 36. h5 f5 37. Qg3 g5 38. h6 Kh7 39. Rf1 Qxc2 40. Qxg5 Rd7 41. Qxf4 Qd3 42. Rg1 Rd4 43. Qg3 Kh8 44. Qg7# 1-0

[Event "Titled Tuesday intern op 14th Nov Early"]
[Site "Chess.com INT"]
[Date "2023.11.14"]
[Round "4"]
[White "Nigmatov, Ortik"]
[Black "Bilan, Danila"]
[Result "1-0"]
[WhiteElo "2439"]
[BlackElo "2303"]
[PlyCount "73"]
[EventDate "2023.11.14"]
[EventType "swiss (blitz)"]
[EventRounds "11"]
[EventCountry "USA"]
[SourceTitle "CB47_2023"]
[SourceDate "2023.11.22"]
[SourceVersion "1"]
[SourceVersionDate "2023.11.22"]
[SourceQuality "1"]

1. e4 c6 2. d4 d5 3. e5 c5 4. Nf3 Bg4 5. dxc5 Nc6 6. c3 Bxf3 7. Qxf3 e6 8. b4 Nxe5 9. Qg3 Nc6 10. Bb5 Nge7 11. 0-0 Nf5 12. Qh3 Be7 13. Bd3 g6 14. Re1 0-0 15. Bxf5 exf5 16. Bh6 Re8 17. Nd2 Bf6 18. Nb3 Qd7 19. Qd3 Ne5 20. Qc2 Ng4 21. Bf4 Rxe1+ 22. Rxe1 Re8 23. Rd1 Qe6 24. g3 g5 25. Bd6 Qe2 26. Rd2 Qe1+ 27. Kg2 f4 28. gxf4 gxf4 29. Bxf4 Kh8 30. Qf5 Rg8 31. Bg3 Be5 32. Qf3 Bxg3 33. hxg3 Rg7 34. Rxd5 Qe6 35. Nd4 Qh6 36. Rd8+ Rg8 37. Rxg8+ 1-0

[Event "Titled Tuesday intern op 14th Nov Early"]
[Site "Chess.com INT"]
[Date "2023.11.14"]
[Round "9"]
[White "Nigmatov, Ortik"]
[Black "Lopez Martinez, Josep Manuel"]
[Result "1-0"]
[WhiteElo "2439"]
[BlackElo "2474"]
[PlyCount "103"]
[EventDate "2023.11.14"]
[EventType "swiss (blitz)"]
[EventRounds "11"]
[EventCountry "USA"]
[SourceTitle "CB47_2023"]
[SourceDate "2023.11.22"]
[SourceVersion "1"]
[SourceVersionDate "2023.11.22"]
[SourceQuality "1"]

1. e4 c5 2. Nf3 d6 3. d4 cxd4 4. Nxd4 Nf6 5. Nc3 a6 6. Bg5 e6 7. Qe2 Nbd7 8. 0-0-0 Qc7 9. h4 Be7 10. g4 b5 11. a3 Rb8 12. Bd2 b4 13. axb4 Rxb4 14. Be1 Qb6 15. Nb3 Nc5 16. Nxc5 Qxc5 17. g5 Nd7 18. Rh3 Bb7 19. f4 0-0 20. h5 Rb8 21. g6 fxg6 22. hxg6 h6 23. Rhd3 Bc6 24. b3 R4b7 25. Nb1 Bb5 26. Qg4 Nf8 27. Rc3 Qb6 28. Bxb5 axb5 29. e5 d5 30. f5 exf5 31. Qxf5 Qxg6 32. Qf3 b4 33. Qxd5+ Qe6 34. Qxe6+ Nxe6 35. Rc6 Nf4 36. Rc4 Ne6 37. Rc6 Rb6 38. Rc4 Bg5+ 39. Kb2 Bf4 40. Rd5 Rb5 41. Rxb5 Rxb5 42. Bxb4 Bxe5+ 43. Bc3 h5 44. Na3 Rd5 45. Rc8+ Kh7 46. Bxe5 Rxe5 47. Nc4 Re2 48. b4 h4 49. b5 h3 50. Ra8 h2 51. Ra1 Nd4 52. Na3 1-0

[Event "Titled Tuesday intern op 14th Nov Early"]
[Site "Chess.com INT"]
[Date "2023.11.14"]
[Round "7"]
[White "Nigmatov, Ortik"]
[Black "Novik, Maxim"]
[Result "1-0"]
[WhiteElo "2439"]
[BlackElo "2375"]
[PlyCount "39"]
[EventDate "2023.11.14"]
[EventType "swiss (blitz)"]
[EventRounds "11"]
[EventCountry "USA"]
[SourceTitle "CB47_2023"]
[SourceDate "2023.11.22"]
[SourceVersion "1"]
[SourceVersionDate "2023.11.22"]
[SourceQuality "1"]

1. e4 c6 2. d4 d5 3. e5 Bf5 4. Nf3 e6 5. Be2 a5 6. a4 Nd7 7. 0-0 Ne7 8. Nbd2 Ng6 9. Re1 f6 10. exf6 Qxf6 11. Nf1 Bd6 12. Ng3 0-0 13. Nh5 Qf7 14. Ng5 Qe7 15. Bd3 Bxd3 16. Rxe6 Bf5 17. Rxe7 Nxe7 18. Bf4 Bxc2 19. Qxc2 Bxf4 20. Qxh7# 1-0

[Event "Sharjah Challengers 6th"]
[Site "Sharjah"]
[Date "2023.05.21"]
[Round "5"]
[White "Sibashvili, Giorgi"]
[Black "Nigmatov, Ortik"]
[Result "1/2-1/2"]
[WhiteElo "2408"]
[BlackElo "2438"]
[PlyCount "107"]
[EventDate "2023.05.17"]
[EventType "swiss"]
[EventRounds "9"]
[EventCountry "UAE"]
[SourceTitle "CBM 214 Extra"]
[Source "ChessBase"]
[SourceDate "2023.07.31"]
[SourceVersion "1"]
[SourceVersionDate "2023.07.31"]
[SourceQuality "1"]

1. b3 e5 2. Bb2 Nc6 3. Nf3 d6 4. c4 f5 5. d4 e4 6. d5 exf3 7. dxc6 bxc6 8. exf3 Nf6 9. Bd3 Qe7+ 10. Kd2 Kf7 11. Re1 Qd8 12. Kc2 d5 13. Nc3 d4 14. Na4 c5 15. Ba3 Qd6 16. h3 Qh2 17. Rg1 a5 18. Qf1 Qf4 19. Qc1 Qh4 20. Qd2 g6 21. Bxc5 Bh6 22. g3 Qxh3 23. Qd1 Bg7 24. Bxd4 Bb7 25. Nc5 Bc6 26. Qd2 Rad8 27. Be5 Bxf3 28. Qf4 Qg4 29. Qxg4 fxg4 30. Rae1 Nd7 31. Bxg7 Nxc5 32. Bxh8 Nxd3 33. Bc3 Nxe1+ 34. Rxe1 a4 35. bxa4 Re8 36. Re5 Rxe5 37. Bxe5 c5 38. Bd6 g5 39. Kd3 h5 40. Bxc5 h4 41. gxh4 gxh4 42. Bd6 Ke6 43. Bb8 Kd7 44. Kd4 Kc8 45. Bf4 Kb7 46. Kc5 Ka6 47. Bc7 Kb7 48. Be5 Ka6 49. Kb4 Bc6 50. a5 Bf3 51. Kc5 Kxa5 52. Kd6 Kb4 53. c5 Ka3 54. c6 1/2-1/2

[Event "Sharjah Challengers 6th"]
[Site "Sharjah"]
[Date "2023.05.20"]
[Round "4"]
[White "Nigmatov, Ortik"]
[Black "Liyanage, Ranindu Dilshan"]
[Result "1-0"]
[WhiteElo "2438"]
[BlackElo "2342"]
[PlyCount "93"]
[EventDate "2023.05.17"]
[EventType "swiss"]
[EventRounds "9"]
[EventCountry "UAE"]
[SourceTitle "CBM 214 Extra"]
[Source "ChessBase"]
[SourceDate "2023.07.31"]
[SourceVersion "1"]
[SourceVersionDate "2023.07.31"]
[SourceQuality "1"]

1. e4 e6 2. d4 d5 3. Nc3 Nf6 4. e5 Nfd7 5. f4 c5 6. Nf3 Nc6 7. Be3 a6 8. a3 cxd4 9. Nxd4 Bc5 10. Qd2 Nxd4 11. Bxd4 Bxd4 12. Qxd4 Qb6 13. Qxb6 Nxb6 14. Bd3 Bd7 15. Ne2 Na4 16. b3 Nc5 17. Nd4 f5 18. Kd2 Ke7 19. b4 Na4 20. g4 g6 21. Rhg1 Rhg8 22. Rg3 Raf8 23. gxf5 gxf5 24. Rag1 Rxg3 25. Rxg3 Be8 26. c4 Nb6 27. c5 Na8 28. c6 Bxc6 29. Nxc6+ bxc6 30. Bxa6 Nb6 31. Bb7 Nc4+ 32. Ke2 Kf7 33. Bxc6 Rc8 34. Bb5 Nb6 35. Kd2 Nc4+ 36. Bxc4 Rxc4 37. b5 Ke7 38. Rg7+ Kd8 39. b6 Kc8 40. Rxh7 Rxf4 41. h4 Ra4 42. h5 Rxa3 43. h6 Rb3 44. Rg7 Rxb6 45. h7 Rb2+ 46. Kc3 Rh2 47. Rg8+ 1-0

[Event "Baku op"]
[Site "Baku"]
[Date "2023.05.11"]
[Round "8"]
[White "Nigmatov, Ortik"]
[Black "Aradhya, Garg"]
[Result "1-0"]
[WhiteElo "2473"]
[BlackElo "2305"]
[PlyCount "129"]
[EventDate "2023.05.04"]
[EventType "swiss"]
[EventRounds "9"]
[EventCountry "AZE"]
[SourceTitle "CBM 214 Extra"]
[Source "ChessBase"]
[SourceDate "2023.07.31"]
[SourceVersion "1"]
[SourceVersionDate "2023.07.31"]
[SourceQuality "1"]

1. e4 e5 2. Nf3 Nc6 3. Bc4 Bc5 4. d3 Nf6 5. Nc3 d6 6. Na4 a6 7. Nxc5 dxc5 8. a4 0-0 9. h3 Qd6 10. Be3 Nd4 11. a5 b5 12. axb6 cxb6 13. Nxd4 cxd4 14. Bd2 Be6 15. Bxe6 Qxe6 16. 0-0 a5 17. f4 Nd7 18. fxe5 Nxe5 19. Ra4 Qd7 20. b3 Rfc8 21. Be1 Rc5 22. Bf2 Nc6 23. c4 f5 24. exf5 Rxf5 25. Ra2 Raf8 26. Re2 Qf7 27. Qd2 Ne5 28. Rd1 Qg6 29. Kh1 Nc6 30. Rde1 Rf4 31. Bg1 Qg3 32. Re8 R4f6 33. Qe2 Qd6 34. Qe4 Rxe8 35. Qxe8+ Rf8 36. Re6 Rxe8 37. Rxd6 Rc8 38. Bxd4 Nxd4 39. Rxd4 b5 40. Rd5 bxc4 41. dxc4 a4 42. bxa4 Rxc4 43. a5 Ra4 44. Rb5 Kf7 45. Kg1 Ra2 46. h4 g6 47. Kh2 h5 48. Rg5 Ra3 49. Kg1 Ra4 50. g3 Ra2 51. Kf1 Ke7 52. Ke1 Kd7 53. Kd1 Kc7 54. Kc1 Kd7 55. Kb1 Ra4 56. Kb2 Ke7 57. Kb3 Ra1 58. Kb4 Kf6 59. Kb5 Rb1+ 60. Kc6 Ra1 61. Kb6 Rb1+ 62. Rb5 Rg1 63. a6 Rxg3 64. a7 Ra3 65. Ra5 1-0